000 00935nmm a2200277 a 4500
001 ocm000709066
003 TR-IsHL
005 20201028153500.0
008 140402s2008 tu tur
007 cr cn
020 _a9789759044459
035 _a709066
_b(N$T)
050 0 4 _aPK6097
_b.A44 2008
090 0 4 _aPK6097
_b.A44 2008
100 1 _aAlevi, Bozorg- i
245 1 0 _aZindan notları
_h[electronic resource] /
_cBozorg- i Alevi ; çev. A. Naci Tokmak
260 _aİstanbul :
_bAğaç Kitabevi Yayınları,
_c2008
300 _a128 p.
650 4 _aDil ve Edebiyat
650 4 _aLanguage and Literature
650 0 _aİran edebiyatı
_x Tarih ve inceleme
650 0 _aPersian literature
_x History and criticism
650 7 _aLITERARY CRITICISM / Middle Eastern
_2bisacsh
700 1 _aTokmak, A. Naci
856 4 0 _uhttp://search.ebscohost.com/login.aspx?direct=true&scope=site&db=e011xww&AN=709066
999 _c12071
_d12071